000 00487nam a2200181Ia 4500
001 2728
005 20260306144828.0
008 260306t2013||||xx |||||||||||||| ||spa||
041 _aESP
082 _a219.3
_bC28
100 _aCardó Soria, Daniel
_eAUT
245 0 _aLa fe en el pensamiento de Joseph Ratzinger:
_bun estudio desde introducción al cristianismo
260 _c2013
300 _a105 páginas :
_c22 cm.
650 _aGEN
654 _aCHU
942 _cLIB
_dJUS
_fJUS
_2ddc
_n
999 _c2728
_d2728